000
00328nam a2200133Ia 4500
008
150301s2014 xx 000 0 und d
082
_a
610.734
_b
M14B
100
_a
BORAH, DJ.
245
_a
MEDICAL ETHICS FOR STUDENTS & DOCTORS
260
_b
APH.INDIA
_c
2014
300
_a
166
650
_a
MEDICAL ETHICS
942
_2
ddc
_c
BK
_0
23
999
_c
6825
_d
6825